[Event "DEM U10/U10w 2003"]
[Site "Willingen GER"]
[Date "2003.06.13"]
[Round "9"]
[White "Sohl, Thies"]
[Black "Gheng, Michael Dan"]
[Result "1-0"]
[Termination "normal"]
[Board "40"]
[WhiteElo "908"]
[BlackElo "1016"]
[PlyCount "67"]
[EventCountry "GER"]
[EventRounds "11"]
[EventType "swiss"]
[EventDate "2003.06.07"]

1. e4 c5 2. c3 Nc6 3. d4 d6 4. Be3 e6 5. Nf3 Nf6 6. d5 exd5 7. exd5 Ne5 8. Nxe5
dxe5 9. c4 Bd6 10. Bd3 O-O 11. O-O e4 12. Bc2 Bb8 13. Bxc5 Re8 14. Nc3 b6 15.
Bd4 Qc7 16. g3 Bh3 17. Re1 Bg4 18. Qd2 Bf3 19. Ba4 Rd8 20. Bxf6 gxf6 21. Nxe4
Qe5 22. Qe3 Qf5 23. Bd1 Bxd1 24. Raxd1 Be5 25. b4 Rdc8 26. f4 Bb8 27. d6 Rxc4
28. d7 Bc7 29. Qf3 Rd8 30. Qd3 Rxb4 31. Qd5 Qh3 32. Nxf6+ Kf8 33. Re8+ Kg7 34.
Qg5# 1-0

[Event "DEM U10/U10w 2003"]
[Site "Willingen GER"]
[Date "2003.06.13"]
[Round "10"]
[White "Zelbel, Patrick"]
[Black "Graf, Felix"]
[Result "0-1"]
[Termination "normal"]
[Board "1"]
[WhiteElo "1595"]
[BlackElo "1805"]
[PlyCount "50"]
[WhiteFideId "24624322"]
[BlackFideId "24608904"]
[EventCountry "GER"]
[EventRounds "11"]
[EventType "swiss"]
[EventDate "2003.06.07"]

1. e4 e6 2. d4 d5 3. Nc3 Bb4 4. a3 Bxc3+ 5. bxc3 c5 6. e5 Qc7 7. Bd3 Ne7 8. Bd2
Nbc6 9. Qg4 c4 10. Be2 Bd7 11. Nh3 O-O-O 12. Bg5 Rhg8 13. Qf4 Be8 14. Bxe7 Qxe7
15. Qc1 h5 16. Qg5 f6 17. Qe3 g5 18. exf6 Qxf6 19. Kd2 Ne7 20. f3 Nf5 21. Qf2
Qh6 22. Ng1 g4+ 23. f4 g3 24. hxg3 Nxg3 25. Rh3 Ne4+ 0-1

[Event "DEM U10/U10w 2003"]
[Site "Willingen GER"]
[Date "2003.06.13"]
[Round "10"]
[White "Blübaum, Johanna"]
[Black "Mihok, Oliver"]
[Result "0-1"]
[Termination "normal"]
[Board "2"]
[WhiteElo "1243"]
[BlackElo "1913"]
[PlyCount "78"]
[WhiteFideId "24647373"]
[BlackFideId "728012"]
[EventCountry "GER"]
[EventRounds "11"]
[EventType "swiss"]
[EventDate "2003.06.07"]

1. d4 Nf6 2. c4 e6 3. Nc3 Bb4 4. e3 c5 5. Bd3 Nc6 6. Nge2 cxd4 7. exd4 O-O 8.
O-O d6 9. Bg5 h6 10. Bh4 Bxc3 11. bxc3 Re8 12. Qc2 b6 13. Rad1 Ba6 14. c5 Bxd3
15. Rxd3 bxc5 16. dxc5 d5 17. Rf3 Ne5 18. Re3 Neg4 19. Rf3 g5 20. Bg3 Ne4 21.
h3 Nxg3 22. fxg3 Ne5 23. Rf6 Kg7 24. Nd4 Rb8 25. Qe2 Qxf6 26. Rxf6 Kxf6 27. Qh5
Kg7 28. h4 f6 29. Nb3 g4 30. Kf2 Re7 31. a4 a6 32. Nd4 Rb2+ 33. Kg1 Rb1+ 34.
Kh2 Rc1 35. Nf5+ exf5 36. Qxf5 Rxc3 37. Qf2 Re3 38. Qc2 Nf3+ 39. Kh1 Re1# 0-1

[Event "DEM U10/U10w 2003"]
[Site "Willingen GER"]
[Date "2003.06.13"]
[Round "10"]
[White "Giesler, Julius"]
[Black "Höfer, Michael"]
[Result "1/2-1/2"]
[Termination "normal"]
[Board "3"]
[WhiteElo "1243"]
[BlackElo "1003"]
[PlyCount "63"]
[BlackFideId "24668850"]
[EventCountry "GER"]
[EventRounds "11"]
[EventType "swiss"]
[EventDate "2003.06.07"]

1. d4 d5 2. c4 e6 3. Nc3 Nf6 4. cxd5 exd5 5. Bg5 Nbd7 6. e3 c6 7. Bd3 h6 8. Bh4
Be7 9. Qc2 O-O 10. Nf3 a5 11. O-O b6 12. Bf5 Bb7 13. Bxd7 Qxd7 14. Ne5 Qd6 15.
Bg3 Qe6 16. Na4 Bd8 17. Qb3 Rb8 18. Nxf7 Qxf7 19. Bxb8 Ne4 20. Qc2 Bh4 21. Bg3
Bxg3 22. fxg3 Qe7 23. Rxf8+ Qxf8 24. Rf1 Qe7 25. Nxb6 Ba6 26. Rf4 Qb4 27. Qd1
Qxb6 28. Qf3 Nf6 29. Rxf6 gxf6 30. Qxf6 Qxb2 31. Qg6+ Kf8 32. Qf6+ 1/2-1/2

[Event "DEM U10/U10w 2003"]
[Site "Willingen GER"]
[Date "2003.06.13"]
[Round "10"]
[White "Wilke, Friedrich"]
[Black "Gadschisade, Machmud"]
[Result "0-1"]
[Termination "normal"]
[Board "4"]
[WhiteElo "1340"]
[BlackElo "1428"]
[PlyCount "124"]
[BlackFideId "4647734"]
[EventCountry "GER"]
[EventRounds "11"]
[EventType "swiss"]
[EventDate "2003.06.07"]

1. d4 Nf6 2. Nf3 g6 3. g3 Bg7 4. Bg2 O-O 5. O-O d6 6. b3 Nbd7 7. Bb2 Re8 8. c4
Nh5 9. Nbd2 e5 10. Rc1 exd4 11. Nxd4 c5 12. Nc6 bxc6 13. Bxg7 Kxg7 14. Bxc6 Rb8
15. Ne4 Qc7 16. Bd5 Nhf6 17. Nc3 a6 18. Qd2 Nb6 19. Qb2 Kg8 20. Bf3 Bb7 21.
Bxb7 Qxb7 22. Rcd1 Re6 23. Rd3 Nxc4 24. Qc1 Ne5 25. Rd2 Ne4 26. Nxe4 Qxe4 27.
Rfd1 Rb6 28. Qc3 Qb4 29. Qc2 c4 30. Rd4 Qc5 31. bxc4 Rb4 32. Rd5 Qxc4 33. Qd2
Rb5 34. Rxd6 Rxd6 35. Qxd6 Qxe2 36. Qd8+ Kg7 37. a4 Rb2 38. Qd4 Rb4 39. Qa1 Qb2
40. Qxb2 Rxb2 41. Rd6 a5 42. Rd5 Nc4 43. Rc5 Rb4 44. Kf1 Rxa4 45. Ke2 Rb4 46.
Kd3 Nb2+ 47. Kd2 a4 48. Rc3 a3 49. Kc2 Rc4 50. Rxc4 Nxc4 51. Kb3 Kf6 52. f4 g5
53. fxg5+ Kxg5 54. h3 h5 55. Ka2 h4 56. g4 Kf4 57. Kb3 Kg3 58. g5 Kxh3 59. Ka2
Kg3 60. Kb3 h3 61. Ka2 h2 62. Kb3 h1=Q 0-1

[Event "DEM U10/U10w 2003"]
[Site "Willingen GER"]
[Date "2003.06.13"]
[Round "10"]
[White "Lobmeyer, Fabian"]
[Black "Schäfer, Alexander"]
[Result "1/2-1/2"]
[Termination "normal"]
[Board "5"]
[WhiteElo "1316"]
[BlackElo "1646"]
[PlyCount "82"]
[WhiteFideId "24659681"]
[BlackFideId "24615196"]
[EventCountry "GER"]
[EventRounds "11"]
[EventType "swiss"]
[EventDate "2003.06.07"]

1. d4 f5 2. c4 Nf6 3. Nc3 g6 4. Bf4 Bg7 5. Nf3 O-O 6. e3 d6 7. Qb3 c5 8. dxc5
dxc5 9. Nb5 Qa5+ 10. Qc3 Qxc3+ 11. Nxc3 Nc6 12. Be2 a6 13. O-O Be6 14. Ng5 Bf7
15. Na4 e5 16. Nxf7 Rxf7 17. Bg3 Nd7 18. f3 Rd8 19. Rad1 Nb4 20. Nxc5 Nc2 21.
Rxd7 Rdxd7 22. Nxd7 Rxd7 23. Rd1 Rxd1+ 24. Bxd1 Nxe3 25. Be2 Kf7 26. Bf2 Bh6
27. Bxe3 Bxe3+ 28. Kf1 Ke6 29. Bd3 Kd6 30. Ke2 Bc1 31. b3 Kc5 32. g3 Kb4 33.
Kd1 Bb2 34. Kc2 Bd4 35. g4 fxg4 36. fxg4 Kc5 37. Be4 b6 38. Bd5 b5 39. Kd3 b4
40. Bg8 h5 41. gxh5 gxh5 1/2-1/2

[Event "DEM U10/U10w 2003"]
[Site "Willingen GER"]
[Date "2003.06.13"]
[Round "10"]
[White "Friedrich, Wiede"]
[Black "Jussupow, Alexander"]
[Result "1-0"]
[Termination "normal"]
[Board "6"]
[WhiteElo "1431"]
[BlackElo "1605"]
[PlyCount "121"]
[WhiteFideId "24629537"]
[BlackFideId "24613509"]
[EventCountry "GER"]
[EventRounds "11"]
[EventType "swiss"]
[EventDate "2003.06.07"]

1. b4 Nf6 2. Bb2 e6 3. b5 d5 4. Nf3 c5 5. e3 Bd6 6. d3 b6 7. c4 Bb7 8. Be2 O-O
9. O-O Nbd7 10. Nbd2 Qc7 11. Qc2 e5 12. h3 d4 13. e4 Nh5 14. Qd1 Nf4 15. Kh2
Nf6 16. g3 Nxe2 17. Qxe2 Qd7 18. Ng1 Bc8 19. Ndf3 h6 20. Bc1 Kh7 21. Ne1 Qe6
22. f4 exf4 23. Bxf4 Bxf4 24. Rxf4 Bd7 25. Ng2 g6 26. Raf1 Nh5 27. R4f3 Ng7 28.
Nf4 Qe5 29. Qd2 f5 30. Nfe2 Rfe8 31. exf5 Bxf5 32. Nf4 g5 33. Ng2 Qd6 34. Rxf5
Nxf5 35. Rxf5 Rf8 36. Qf2 Rae8 37. Rf7+ Kg8 38. Rxf8+ Rxf8 39. Qe2 Qf6 40. Qe4
Qf7 41. a3 Qf5 42. Qe2 Qf2 43. Qe4 Qf7 44. a4 Re8 45. Qc6 Kg7 46. Qd6 Re6 47.
Qd5 Rf6 48. Qe5 Qe6 49. Qc7+ Rf7 50. Qb8 h5 51. Kh1 Rf1 52. Qxa7+ Kg6 53. Kh2
Rd1 54. Qb7 Rxd3 55. Qc6 Kf6 56. Nf3 g4 57. Nf4 Qxc6 58. bxc6 Re3 59. Nd5+ Ke6
60. Nxe3 gxf3 61. Nd1 1-0

[Event "DEM U10/U10w 2003"]
[Site "Willingen GER"]
[Date "2003.06.13"]
[Round "10"]
[White "Kartsev, Alexandr"]
[Black "Wittke, René"]
[Result "1/2-1/2"]
[Termination "normal"]
[Board "7"]
[WhiteElo "1258"]
[BlackElo "1438"]
[PlyCount "46"]
[WhiteFideId "24647110"]
[BlackFideId "24640255"]
[EventCountry "GER"]
[EventRounds "11"]
[EventType "swiss"]
[EventDate "2003.06.07"]

1. e4 e5 2. Nc3 Nf6 3. f4 d6 4. Nf3 Nc6 5. Bc4 Be7 6. O-O Be6 7. Bb3 O-O 8. d4
exd4 9. Nxd4 Nxd4 10. Qxd4 c5 11. Qd3 Rc8 12. Bxe6 fxe6 13. Be3 d5 14. e5 Ne8
15. Ne2 d4 16. Bf2 Nc7 17. b4 b6 18. g3 Nd5 19. b5 Nb4 20. Qc4 Qd7 21. Rfd1 Qd5
22. Qxd5 Nxd5 23. a4 Rf7 1/2-1/2

[Event "DEM U10/U10w 2003"]
[Site "Willingen GER"]
[Date "2003.06.13"]
[Round "10"]
[White "Specht, Christian"]
[Black "Billing, Alexander"]
[Result "1/2-1/2"]
[Termination "normal"]
[Board "8"]
[WhiteElo "1327"]
[BlackElo "1333"]
[PlyCount "48"]
[WhiteFideId "24647985"]
[BlackFideId "24624420"]
[EventCountry "GER"]
[EventRounds "11"]
[EventType "swiss"]
[EventDate "2003.06.07"]

1. e4 e6 2. d4 d5 3. Nd2 dxe4 4. Nxe4 Nf6 5. Nxf6+ Qxf6 6. Nf3 Nc6 7. Bg5 Qf5
8. Bd3 Qa5+ 9. c3 Nxd4 10. Be3 Nxf3+ 11. Qxf3 Bd6 12. O-O Qe5 13. g3 Qf6 14.
Qg4 e5 15. Qe2 Bf5 16. Bxf5 Qxf5 17. Qb5+ Ke7 18. Qxb7 Rhb8 19. Qc6 Qd7 20.
Qxd7+ Kxd7 21. b3 Rd8 22. Rad1 Ke6 23. Kg2 a6 24. Rfe1 Be7 1/2-1/2

[Event "DEM U10/U10w 2003"]
[Site "Willingen GER"]
[Date "2003.06.13"]
[Round "10"]
[White "Schmitt, Philipp"]
[Black "Pantusenko, Valeria"]
[Result "1-0"]
[Termination "normal"]
[Board "9"]
[WhiteElo "1458"]
[BlackElo "1170"]
[PlyCount "59"]
[WhiteFideId "24641766"]
[BlackFideId "4662920"]
[EventCountry "GER"]
[EventRounds "11"]
[EventType "swiss"]
[EventDate "2003.06.07"]

1. d4 d5 2. Nf3 Nf6 3. e3 Bf5 4. c4 c6 5. Nc3 e6 6. Be2 Bd6 7. O-O Qc7 8. b3
O-O 9. Bb2 Ne4 10. h3 b6 11. Rc1 Nd7 12. cxd5 Nxc3 13. Rxc3 exd5 14. Bd3 Bxd3
15. Qxd3 Bb4 16. Rc2 Rfe8 17. Rfc1 Re6 18. Ng5 Rg6 19. Nf3 Rc8 20. a3 Be7 21.
Kh1 Nf6 22. Ne5 Rg5 23. Rxc6 Ne4 24. Qe2 Qxc6 25. Rxc6 Rxc6 26. Nxc6 Bd6 27.
Kg1 a5 28. Qa6 h6 29. Qxb6 Nd2 30. Qd8+ 1-0

[Event "DEM U10/U10w 2003"]
[Site "Willingen GER"]
[Date "2003.06.13"]
[Round "10"]
[White "Grimm, Pascal"]
[Black "Wang, Zhangxian"]
[Result "1/2-1/2"]
[Termination "normal"]
[Board "10"]
[WhiteElo "1246"]
[BlackElo "1400"]
[PlyCount "85"]
[WhiteFideId "24620122"]
[EventCountry "GER"]
[EventRounds "11"]
[EventType "swiss"]
[EventDate "2003.06.07"]

1. d4 c6 2. c4 d5 3. e3 Nf6 4. Nc3 Bf5 5. Nf3 e6 6. h3 Nbd7 7. Be2 dxc4 8. Bxc4
Nb6 9. Bd3 Bxd3 10. Qxd3 Be7 11. O-O O-O 12. Qc2 Qc7 13. Bd2 Rad8 14. Qb3 Nbd5
15. Nxd5 Nxd5 16. Rac1 Nf6 17. Bb4 Rd5 18. Bxe7 Qxe7 19. Nd2 Rb5 20. Qc2 Rd8
21. Nb1 Nd5 22. Nc3 Nxc3 23. Qxc3 Qb4 24. Qxb4 Rxb4 25. b3 Rb5 26. Rc2 Kf8 27.
Rfc1 Rdd5 28. Rc5 Rbxc5 29. Rxc5 Rxc5 30. dxc5 f5 31. Kf1 Ke7 32. Ke2 e5 33.
Kd3 Ke6 34. e4 h5 35. exf5+ Kxf5 36. Ke3 g5 37. g3 b6 38. cxb6 axb6 39. f3 Kf6
40. Ke4 Ke6 41. a3 h4 42. g4 Kf6 43. Ke3 1/2-1/2

[Event "DEM U10/U10w 2003"]
[Site "Willingen GER"]
[Date "2003.06.13"]
[Round "10"]
[White "Rafayevych, Wilen"]
[Black "Osmanodja, Bilgin"]
[Result "1-0"]
[Termination "normal"]
[Board "11"]
[WhiteElo "1301"]
[BlackElo "1330"]
[PlyCount "169"]
[EventCountry "GER"]
[EventRounds "11"]
[EventType "swiss"]
[EventDate "2003.06.07"]

1. d4 Nf6 2. Nf3 e6 3. g3 Nc6 4. Bg2 Be7 5. O-O O-O 6. b3 b6 7. Bb2 Bb7 8. Nbd2
Na5 9. c4 c5 10. e3 cxd4 11. exd4 d5 12. Rc1 dxc4 13. bxc4 Qc7 14. Qe2 Rac8 15.
Rc2 Ba6 16. Rfc1 Qb8 17. Qe5 Bd6 18. Qe3 Rc7 19. Nb3 Nb7 20. c5 bxc5 21. dxc5
Be7 22. Be5 Ng4 23. Bxc7 Nxe3 24. Bxb8 Nxc2 25. Rxc2 Rxb8 26. c6 Nd6 27. Ne5
Rc8 28. Nc5 f6 29. Nxa6 fxe5 30. c7 Kf8 31. Rb2 Ke8 32. Bc6+ Kf7 33. Rb8 Rf8
34. Rxf8+ Bxf8 35. Bd7 Ke7 36. c8=Q Nxc8 37. Bxc8 Kd6 38. Kf1 e4 39. Ke2 Ke5
40. Ke3 Bd6 41. Bb7 g6 42. Bxe4 Kf6 43. Kd4 Be7 44. Nc5 Bd8 45. f4 Bb6 46. g4
Ke7 47. Kc4 Kd6 48. Nb7+ Kc7 49. a4 Bg1 50. h3 Bh2 51. Nc5 Kd6 52. Nd3 Bg1 53.
Kb5 Bd4 54. Ka6 Kc7 55. Nb4 Bc5 56. Nc6 Bd6 57. Kxa7 Bxf4 58. Ka6 Be3 59. Kb5
Kd7 60. a5 Kc8 61. a6 Bf2 62. Bd3 Kc7 63. Bc4 e5 64. Nxe5 Kb8 65. Bd3 Bd4 66.
Nd7+ Ka7 67. Nf8 h6 68. Nxg6 Be3 69. Ne7 Bf2 70. Nf5 Bb6 71. Nxh6 Be3 72. Nf7
Bd4 73. g5 Kb8 74. g6 Kc7 75. Nh6 Kb8 76. Nf5 Bf6 77. g7 Bxg7 78. Nxg7 Ka7 79.
h4 Kb8 80. Kb6 Kc8 81. a7 Kd7 82. a8=Q Kd6 83. Qe4 Kd7 84. Qe6+ Kd8 85. Qe8#
1-0

[Event "DEM U10/U10w 2003"]
[Site "Willingen GER"]
[Date "2003.06.13"]
[Round "10"]
[White "Osmanodja, Filiz"]
[Black "Huhnstock, Rico"]
[Result "0-1"]
[Termination "normal"]
[Board "12"]
[WhiteElo "1051"]
[BlackElo "1311"]
[PlyCount "58"]
[WhiteFideId "24633569"]
[BlackFideId "24642932"]
[EventCountry "GER"]
[EventRounds "11"]
[EventType "swiss"]
[EventDate "2003.06.07"]

1. e4 c5 2. Nf3 d6 3. d4 cxd4 4. Nxd4 Nf6 5. Nc3 g6 6. Be3 Bg7 7. f3 O-O 8. Qd2
Bd7 9. Bc4 Nc6 10. O-O-O Ne5 11. Bb3 Rc8 12. Kb1 Nc4 13. Qd3 Nxe3 14. Qxe3 a6
15. Nd5 Nxd5 16. Bxd5 Qb6 17. Bb3 Qc5 18. Rd3 a5 19. c3 a4 20. Bc2 b5 21. b4
Qc4 22. Kb2 Rc7 23. Bb1 Rfc8 24. Kc2 Qxb4 25. Rc1 Bxd4 26. Rxd4 Rxc3+ 27. Kd1
Rxc1+ 28. Ke2 Qe1+ 29. Kd3 R1c3# 0-1

[Event "DEM U10/U10w 2003"]
[Site "Willingen GER"]
[Date "2003.06.13"]
[Round "10"]
[White "Kaphle, Sebastian"]
[Black "Weber, Raphael"]
[Result "0-1"]
[Termination "normal"]
[Board "13"]
[WhiteElo "1201"]
[BlackElo "1250"]
[PlyCount "60"]
[WhiteFideId "24626708"]
[BlackFideId "24644110"]
[EventCountry "GER"]
[EventRounds "11"]
[EventType "swiss"]
[EventDate "2003.06.07"]

1. e4 e5 2. Nf3 Nc6 3. Bb5 a6 4. Bxc6 dxc6 5. O-O Bg4 6. h3 h5 7. d3 Bd6 8.
Nbd2 Be6 9. c3 g5 10. Re1 g4 11. hxg4 hxg4 12. Nh2 Qh4 13. Ndf1 Bc5 14. Be3
Bxe3 15. Rxe3 O-O-O 16. Qc2 Nf6 17. Rd1 Rdg8 18. d4 exd4 19. cxd4 Nh5 20. Red3
f5 21. d5 f4 22. g3 Qf6 23. Re1 Bd7 24. Rc3 f3 25. e5 Qh6 26. e6 Be8 27. Rc1
Nf6 28. Rd3 Qh3 29. Rxf3 gxf3 30. Nxf3 Qh1# 0-1

[Event "DEM U10/U10w 2003"]
[Site "Willingen GER"]
[Date "2003.06.13"]
[Round "10"]
[White "Endreß, Anna"]
[Black "Orhan, Eda"]
[Result "1-0"]
[Termination "normal"]
[Board "14"]
[WhiteElo "1573"]
[BlackElo "1222"]
[PlyCount "91"]
[WhiteFideId "24629472"]
[BlackFideId "24659258"]
[EventCountry "GER"]
[EventRounds "11"]
[EventType "swiss"]
[EventDate "2003.06.07"]

1. e4 d5 2. exd5 Qxd5 3. Nc3 Qd7 4. d4 e6 5. Be3 a6 6. Bd3 Nf6 7. Nf3 Nc6 8.
O-O Bd6 9. Re1 O-O 10. Qe2 Re8 11. Rad1 Bb4 12. Ne5 Qd6 13. Nxc6 Qxc6 14. Bg5
Nd5 15. Nxd5 Qxd5 16. Bd2 Bxd2 17. Rxd2 Qxa2 18. c3 Qa5 19. Qe4 Qh5 20. Re3 Qg6
21. Qe5 Qf6 22. Qxc7 g6 23. Qg3 Qe7 24. Qf4 b5 25. Rde2 Bb7 26. Rh3 b4 27. Qh6
f5 28. Bc4 Qd7 29. Ree3 Re7 30. Reg3 Kh8 31. Rxg6 bxc3 32. bxc3 Bd5 33. Bxd5
exd5 34. g3 Qb5 35. Re6 Rf7 36. Qh5 Raa7 37. Qg5 Qd7 38. Rhh6 a5 39. Qf4 a4 40.
Qe5+ Kg8 41. Reg6+ Kf8 42. Rb6 Kg8 43. Rh5 Ra8 44. Rg5+ Rg7 45. Rxg7+ Qxg7 46.
Qxd5+ 1-0

[Event "DEM U10/U10w 2003"]
[Site "Willingen GER"]
[Date "2003.06.13"]
[Round "10"]
[White "Noe, Christopher"]
[Black "Berchtenbreiter, Maximilian"]
[Result "0-1"]
[Termination "normal"]
[Board "16"]
[WhiteElo "1165"]
[BlackElo "1282"]
[PlyCount "76"]
[WhiteFideId "24692018"]
[BlackFideId "24641120"]
[EventCountry "GER"]
[EventRounds "11"]
[EventType "swiss"]
[EventDate "2003.06.07"]

1. e4 c5 2. Nc3 Nc6 3. Bb5 e6 4. Bxc6 bxc6 5. d3 d5 6. Nf3 Bd6 7. O-O d4 8. Ne2
Ne7 9. Ng3 Ng6 10. Re1 e5 11. Nf5 O-O 12. Nxd6 Qxd6 13. Bd2 Bg4 14. h3 Bxf3 15.
Qxf3 Rab8 16. b3 Rfe8 17. Re2 Re6 18. Rae1 Rf6 19. Qg3 Nf4 20. Bxf4 Rxf4 21.
Qg5 Qf6 22. Qxf6 Rxf6 23. Kh2 Rg6 24. g4 Kf8 25. Rg1 Re8 26. h4 Ree6 27. g5 h5
28. Rg3 f6 29. gxf6 Rexf6 30. a4 Ke7 31. Re1 Rxf2+ 32. Kg1 Rxg3+ 33. Kxf2 Rh3
34. Rg1 Kf6 35. Rf1 Rxh4 36. Kg3+ Rf4 37. Rxf4+ exf4+ 38. Kxf4 g5+ 0-1

[Event "DEM U10/U10w 2003"]
[Site "Willingen GER"]
[Date "2003.06.13"]
[Round "10"]
[White "Begeluri, Nino"]
[Black "Eimer, Matthias"]
[Result "0-1"]
[Termination "normal"]
[Board "17"]
[WhiteElo "1152"]
[BlackElo "1261"]
[PlyCount "134"]
[EventCountry "GER"]
[EventRounds "11"]
[EventType "swiss"]
[EventDate "2003.06.07"]

1. e4 e5 2. Nf3 Nc6 3. Bc4 Bc5 4. Nc3 d6 5. h3 h5 6. d3 f6 7. Be3 Bb6 8. Nd5
Bxe3 9. fxe3 Nge7 10. Nxe7 Qxe7 11. Bb5 Bd7 12. Rg1 O-O-O 13. Qd2 g5 14. Bxc6
Bxc6 15. a4 g4 16. hxg4 hxg4 17. Qa5 gxf3 18. gxf3 Rh2 19. Rc1 Rdh8 20. Qxa7
Rh1 21. Kd2 R8h2+ 22. Kc3 Rxg1 23. Rxg1 d5 24. exd5 Bxd5 25. e4 Bc6 26. Qa8+
Kd7 27. b4 b5 28. Qg8 bxa4 29. Rg7 Qxg7 30. Qxg7+ Kd6 31. Qg8 Ke7 32. Qc4 Kd6
33. Qc5+ Kd7 34. d4 exd4+ 35. Qxd4+ Ke6 36. f4 Rh3+ 37. Kc4 a3 38. f5+ Ke7 39.
e5 Kf7 40. Qd8 a2 41. Qxc7+ Kf8 42. Qd6+ Kg8 43. Qxc6 a1=Q 44. Qe8+ Kg7 45.
Qe7+ Kg8 46. Qxf6 Qa2+ 47. Kb5 Qd5+ 48. Ka4 Qa2+ 49. Kb5 Qd5+ 50. Kb6 Qd4+ 51.
Kc6 Rc3+ 52. Kb5 Qc4+ 53. Ka5 Ra3+ 54. Kb6 Ra6+ 55. Kb7 Rxf6 56. exf6 Qf7+ 57.
Kb6 Qxf6+ 58. Kb5 Qxf5+ 59. Kb6 Qxc2 60. b5 Kf8 61. Kb7 Ke8 62. b6 Kd8 63. Ka7
Qa2+ 64. Kb8 Kd7 65. b7 Qd5 66. Ka8 Kc7 67. Ka7 Qxb7# 0-1

[Event "DEM U10/U10w 2003"]
[Site "Willingen GER"]
[Date "2003.06.13"]
[Round "10"]
[White "Mohr, Fides"]
[Black "Zivkovic, Djordje"]
[Result "0-1"]
[Termination "normal"]
[Board "18"]
[WhiteElo "1161"]
[BlackElo "1259"]
[PlyCount "142"]
[EventCountry "GER"]
[EventRounds "11"]
[EventType "swiss"]
[EventDate "2003.06.07"]

1. d4 e6 2. c4 d5 3. cxd5 exd5 4. Nc3 Nf6 5. Bg5 Nc6 6. e3 Be7 7. Nf3 Be6 8.
Bd3 Qd7 9. O-O h6 10. Bh4 O-O 11. Rc1 Bf5 12. Bxf5 Qxf5 13. Qc2 Qxc2 14. Rxc2
Rad8 15. a3 a6 16. Bg3 Bd6 17. Bxd6 Rxd6 18. Ne5 Re8 19. Nxc6 Rxc6 20. Rfc1
Ree6 21. b4 Rc4 22. Nxd5 Rxc2 23. Nxf6+ Rxf6 24. Rxc2 c6 25. Kf1 Kf8 26. Ke2
Ke7 27. Kd3 Kd6 28. e4 Rg6 29. f3 Re6 30. e5+ Kd7 31. Ke4 g6 32. d5 cxd5+ 33.
Kxd5 g5 34. g3 Rg6 35. f4 f5 36. exf6 Rxf6 37. Ke5 Re6+ 38. Kf5 gxf4 39. gxf4
Re3 40. a4 Ra3 41. a5 Rb3 42. Rc4 Kd6 43. Kg6 Kd5 44. Rc8 Rxb4 45. f5 Rg4+ 46.
Kf7 Kd6 47. f6 Ke5 48. Rg8 Rxg8 49. Kxg8 Kxf6 50. Kh7 Kg5 51. h3 h5 52. Kg7 h4
53. Kf7 Kf4 54. Kf6 Kg3 55. Kf5 Kxh3 56. Kf4 Kg2 57. Kg4 h3 58. Kf4 h2 59. Ke3
h1=Q 60. Ke2 Qf1+ 61. Ke3 Qf3+ 62. Kd4 Qa3 63. Kc4 Qxa5 64. Kb3 Qc5 65. Ka4 Qb6
66. Ka3 Kf3 67. Ka4 Ke3 68. Ka3 Qb5 69. Ka2 Kd3 70. Ka1 Kc2 71. Ka2 Qa4# 0-1

[Event "DEM U10/U10w 2003"]
[Site "Willingen GER"]
[Date "2003.06.13"]
[Round "10"]
[White "Cornish, Alexander Athony"]
[Black "Lerch, Matthias"]
[Result "0-1"]
[Termination "normal"]
[Board "19"]
[WhiteElo "1219"]
[BlackElo "1150"]
[PlyCount "234"]
[BlackFideId "24662151"]
[EventCountry "GER"]
[EventRounds "11"]
[EventType "swiss"]
[EventDate "2003.06.07"]

1. e4 e6 2. d4 d5 3. exd5 exd5 4. c4 Nf6 5. Nc3 c6 6. cxd5 cxd5 7. Bg5 Be7 8.
Nf3 O-O 9. Be2 Nc6 10. O-O Bg4 11. Rc1 Rc8 12. Re1 Re8 13. h3 Bh5 14. a3 h6 15.
Bh4 Ne4 16. Bxe7 Qxe7 17. Nxd5 Qd7 18. Nb4 Nxb4 19. axb4 Rcd8 20. Ne5 Bxe2 21.
Nxd7 Bxd1 22. Rcxd1 Rxd7 23. f3 Re6 24. fxe4 Rb6 25. d5 Rxb4 26. Rd2 Re7 27. d6
Rd7 28. e5 Rb5 29. e6 fxe6 30. Rxe6 Rb6 31. Re7 Rdxd6 32. Rxd6 Rxd6 33. Rxb7
Rd2 34. g4 g5 35. Kf1 Rh2 36. Rxa7 Rxb2 37. Ra6 Kg7 38. Ra7+ Kg6 39. Ra6+ Kg7
40. Kg1 Rc2 41. Rd6 Re2 42. Rd7+ Kg6 43. Rd6+ Kg7 44. Rd5 Kg6 45. Rf5 Re3 46.
Kg2 Re2+ 47. Kf3 Rh2 48. Kg3 Ra2 49. Rf3 Rb2 50. h4 gxh4+ 51. Kxh4 Rh2+ 52. Kg3
Rd2 53. Re3 Rd6 54. Rf3 Rd2 55. Kf4 Rd4+ 56. Kg3 Rd2 57. Rf4 Rd3+ 58. Kh4 Rd5
59. Ra4 Rd6 60. Ra8 Rd5 61. Ra6+ Kg7 62. Kg3 Rg5 63. Kf4 Kh7 64. Rf6 Kg7 65.
Re6 Kh7 66. Re8 Kg7 67. Re7+ Kg6 68. Re8 Kg7 69. Re7+ Kg6 70. Kg3 Rd5 71. Kh4
Rg5 72. Kg3 Rd5 73. Kf4 Rg5 74. Re6+ Kg7 75. Re4 Kg6 76. Kf3 Rd5 77. Ke3 Rg5
78. Kd4 Ra5 79. Kc3 Rd5 80. Kb4 Kg5 81. Kc4 Ra5 82. Kc3 Ra3+ 83. Kd2 Rg3 84.
Re8 Rxg4 85. Rg8+ Kf5 86. Rf8+ Kg5 87. Ke1 h5 88. Kf2 Kh4 89. Kf3 Rg1 90. Rf4+
Rg4 91. Rf8 Kh3 92. Rh8 h4 93. Rh5 Rg3+ 94. Kf2 Rg4 95. Rf5 Re4 96. Rf3+ Kh2
97. Kf1 h3 98. Rf2+ Kh1 99. Rf3 Kh2 100. Kf2 Rg4 101. Ke3 Rg3 102. Rxg3 Kxg3
103. Kd4 h2 104. Ke5 h1=Q 105. Kd4 Qc6 106. Ke5 Kf3 107. Kd4 Qb5 108. Kc3 Qa4
109. Kd3 Kf4 110. Kc3 Ke5 111. Kd3 Qd4+ 112. Kc2 Qe3 113. Kb2 Kd4 114. Kc2 Qc3+
115. Kd1 Qb2 116. Ke1 Ke3 117. Kf1 Qf2# 0-1

[Event "DEM U10/U10w 2003"]
[Site "Willingen GER"]
[Date "2003.06.13"]
[Round "10"]
[White "Dürre, Gregor"]
[Black "Schäfer, Simon"]
[Result "1/2-1/2"]
[Termination "normal"]
[Board "20"]
[WhiteElo "1208"]
[BlackElo "1059"]
[PlyCount "147"]
[EventCountry "GER"]
[EventRounds "11"]
[EventType "swiss"]
[EventDate "2003.06.07"]

1. e4 c5 2. Nc3 d6 3. g3 Nc6 4. Bg2 Bd7 5. d3 Nf6 6. f4 Qc7 7. Nf3 a6 8. Be3 e6
9. Qd2 Be7 10. h3 b5 11. Ne2 Rb8 12. b3 b4 13. c3 a5 14. c4 Rc8 15. d4 cxd4 16.
Nexd4 Nxe4 17. Qd3 Nxg3 18. Rg1 Nf5 19. Nxf5 exf5 20. Bf1 Bf6 21. Rd1 Ke7 22.
c5 dxc5 23. Bxc5+ Ke8 24. Rg2 Rd8 25. Re2+ Be6 26. Qc4 Bc3+ 27. Nd2 Bxd2+ 28.
Rdxd2 Rxd2 29. Kxd2 Kd8 30. Qb5 Qxf4+ 31. Ke1 Bd7 32. Bb6+ Kc8 33. Bg2 Qc1+ 34.
Kf2 Re8 35. Qa6+ Kb8 36. Rxe8+ Bxe8 37. Ba7+ Kc7 38. Qb6+ Kd6 39. Bb8+ Ke7 40.
Qc7+ Kf8 41. Qd6+ Kg8 42. Qc7 Qd2+ 43. Kg1 Qd7 44. Bxc6 Qxc6 45. Qxc6 Bxc6 46.
Bc7 a4 47. bxa4 Bxa4 48. Bd6 b3 49. axb3 Bxb3 50. Kf2 g6 51. Be5 Kf8 52. Bf6
Ke8 53. Bg7 Ke7 54. h4 h5 55. Bh6 Kf6 56. Kf3 Ke5 57. Ke3 Bc4 58. Bf4+ Kd5 59.
Bh6 f6 60. Bf4 g5 61. hxg5 fxg5 62. Bxg5 Ke5 63. Kf3 Ke6 64. Kf4 Bd3 65. Ke3
Bb1 66. Kf4 Kd5 67. Bh4 Kd4 68. Kg5 Ke4 69. Kxh5 Kf3 70. Kg5 Kg2 71. Kf4 Kh3
72. Bd8 Kg2 73. Bh4 Be4 74. Bd8 1/2-1/2